000 00925cab a2200253 4500
001 WB3506-23
008 090401t1999 xxu||||| |||| 00| 0 eng d
035 _a(Sirsi) u91258
041 _aeng
245 _aGroundwater deadline
260 _c1999
350 _a0
490 _aEnvironmental Information Bulletin
_v(86) February 1999, 9(1)
520 _aCompanies that discharge or dispose of potentially polluting chemicals onto or into land have until the end of March 1999 to apply for a license under the Groundwater Regulations 1998. Guidance on the enforcement of the regulations is available from the Environment Agency.
650 _aCHEMICAL INDUSTRY WASTES
650 _aENVIRONMENT AGENCY
650 _aGROUNDWATER REGULATIONS 1998
650 _aINDUSTRIAL WASTE
650 _aLICENCES
650 _aPOLLUTION
690 _aENVIRONMENTAL AND LAND CONSULTANCY
942 _n0
948 _c11/02/1999
999 _c57912
_d57912